Statistiken für Europa League Torschützen 2022/2023

Klicken Sie hier um das Quiz zu spielen!

Allgemein

  • Dieses Quiz wurde 31 mal gespielt
  • Das Durchschnittsergebnis liegt bei 4 aus 10

Antwortstatistiken

ToreVereinAntwort% Korrekt
6Manchester UnitedMarcus Rashford
90%
5AS RomPaulo Dybala
70%
6Royale Union Saint-GilloiseVictor Boniface
60%
4AS MonacoWissam Ben Yedder
53%
5Feyenoord RotterdamSantiago Giménez
23%
4AS RomLorenzo Pellegrini
20%
4FC SevillaYoussef En-Nesyri
17%
4Juventus TurinÁngel Di María
10%
41. FC Union BerlinRobin Knoche
10%
4Sporting BragaVitinha
10%

Verteilung der Resultate

Perzentil nach korrekt beantworteten Fragen

Anzahl Personen mit jedem Resultat

Ihre Resultats-Entwicklung

Sie haben dieses Quiz noch nicht gespielt